01414nam a2200241Ia 4500001001100000003001000011008004100021040002500062041001300087100002000100245006600120250001100186260005900197300002700256500026200283501011400545520026200659650003400921942000700955957000600962999004200968952016201010L240-13372IT-CnALBA170116s9999||||xx |||||||||||||| ||und|| aIT-CnALBAcIT-CnALBA aITALIANO aGALOT JEAN, SJ. 0aIL CARISMA DELLA VITA CONSACRATA. MEDITAZIONI POSTCONCILIARI  a2a ed. a MILANO BOLOGNAbANCORA EDITRICE c1969 [1° Ed.:1968] a167 p. (prefazione: 5) aTRADUZIONE DAL FRANCESE DI G.M. CAMPELLI. CARISMA DELLA VITA RELIGIOSA. PRIMATO DI CRISTO. RAPPORTI. SEQUELA, IMITAZIONE. MANIFESTAZIONE. MISTICA DELLA VITA CONSACRATA. DONO UMANO. PATTO TRA CRISTO E LA CHIESA. CONTEMPLAZIONE. CARITÀ COMUNITARIA. VITA DI  aSocietà San Paolo EM - Piazza San Paolo, 14 - 12051 ALBA (CN) (non commercial uses only) ® Copyright 2017 aTRADUZIONE DAL FRANCESE DI G.M. CAMPELLI. CARISMA DELLA VITA RELIGIOSA. PRIMATO DI CRISTO. RAPPORTI. SEQUELA, IMITAZIONE. MANIFESTAZIONE. MISTICA DELLA VITA CONSACRATA. DONO UMANO. PATTO TRA CRISTO E LA CHIESA. CONTEMPLAZIONE. CARITÀ COMUNITARIA. VITA DI  aTEOLOGIA SPIRITUALE CRISTIANA cBK 71 a18125bNOg Copie: 1 c272548d272548 0010406L_2401337271aALBAbALBAd2017-01-16l0oL240-13372r2017-01-16 00:00:00w2017-01-16yBKz(data import: 16 gennaio 2017) - By Epidotti, Vaglietti.